| 000 | 00940nam a2200253 4500 | ||
|---|---|---|---|
| 005 | 20160610123251.0 | ||
| 008 | 940404s1993 fr a rb 001 0 fre | ||
| 020 | _a2717825150 : | ||
| 040 |
_aDLC _cDLC _dCO-BoIAVH |
||
| 041 | 0 | _afre | |
| 044 | _afr | ||
| 082 | 0 | 4 |
_a333.70681 _bD44e |
| 100 | 1 |
_aDesaigues, Brigitte _eautora |
|
| 245 | 1 | 0 |
_aÉconomie du patrimoine naturel : _bla valorisation des bénéfices de protection de l'environnement / _cBrigitte Desaigues y Patrick Point. |
| 260 |
_aParis : _bEconomica, _cc1993. |
||
| 300 |
_a317 páginas : _bilustraciones ; _c24 x 16 cm. |
||
| 500 | _aIncluye índice. | ||
| 504 | _aIncluye referencias bibliográficas páginas [291]-305. | ||
| 650 | 1 | 6 | _aEconomía medioambiental |
| 650 | 2 | 6 |
_aProtección ambiental _xAspectos económicos |
| 650 | 2 | 6 |
_aRecursos naturales _xAspectos económicos |
| 700 | 1 |
_aPoint, Patrick _eautor |
|
| 942 |
_2ddc _cLIBRO |
||
| 999 |
_c4320 _d4320 |
||